000 00340nam a2200157Ia 4500
008 210210b1961 xxu||||| |||| 00| 0 eng d
041 _aeng
082 _a331/53
100 _aDeCOCK (M H)
245 _aCentral banking
260 _aLondon
_b-
_c1961
650 _aCentral
650 _abanking
690 _aBanking
906 _a003955
999 _c121972
_d121972